Nuevo Orden económico internacional
Gespeichert in:
| Körperschaft: | |
|---|---|
| Format: | Text |
| Veröffentlicht: |
Moscú:
ACURRS
|
| Tags: |
Tag hinzufügen
Keine Tags, Fügen Sie den ersten Tag hinzu!
|
MARC
| LEADER | 00000 a a2200000 04500 | ||
|---|---|---|---|
| 001 | 23529 | ||
| 003 | |||
| 040 | |||
| 090 | |a 164500 | ||
| 110 | |a Academia de Ciencias de la URSS | ||
| 245 | |a Nuevo Orden económico internacional | ||
| 260 | |a Moscú: |b ACURRS | ||
| 300 | |a 208 p; n. 4 | ||
| 999 | |c 3120 |d 3120 | ||
